000 00591nam a22001697a 4500
003 PILC
005 20150519113441.0
008 141119b xxu||||| |||| 00| 0 eng d
020 _a9716857696
050 _aLB 1765.P6
_b.C738 2013
245 _aLET comprehensive reviewer :
_bbased on NCBTS and table of specifications(TOS) professional education BEEd and BSEd /
260 _aQuezon City, Philippines :
_bLorimar Publishing Inc.,
_c2013.
300 _a72 pages :
_billustrations ;
_c25 cm.
500 _aIncludes bibliographical references.
650 _aReviewer.
942 _2lcc
_cBK
_kLOC
999 _c284021
_d284021